Places that use the New Zealand dollar - Statistics

General Stats
  • This quiz has been taken 20 times
  • The average score is 3 of 5
Answer Stats
Mother country Answer % Correct
New Zealand Niue
94%
New Zealand Cook Islands
88%
New Zealand Tokelau
65%
UK Pitcairn Islands
41%
New Zealand Ross Dependency
29%
No matching quizzes found
Score Distribution
Percent of People with Each Score
Percentile by Number Answered
Your Score History
You have not taken this quiz